000 00606nam a2200217Ia 4500
999 _c3466
_d3466
008 251022t2025||||ii |||||||||||||| ||eng||
020 _a9789365571646
_cRs. 800.00
040 _aKO
_beng
041 0 _aeng
044 _aii
082 0 4 _a382
_bC4246
_223
100 1 _aCherunilam, Francis
245 1 0 _aInternational Trade and Export Management /
_cFrancis Cherunilam
250 _a23rd rev. ed.
260 _aMumbai :
_bHimayala Publishing House,
_c2025
300 _a501 p.
_b : ill
_c; 24.5 cm.
650 0 _aInternational trade
_vTextbooks
904 _aA_BOSE
942 _cBK
_2ddc